000 00921nas a2200289 4500
001 BR2015006104
003 BR-BrBNA
005 20231205125828.0
007 ta
008 230509b bl.|||p| |||| 00| 00por d
040 _aBR-BrBNA
_bpor
_cBiblioteca Nacional de Agricultura
041 _a(Pt)
072 _aQ03
100 1 _aSilva Júnior, A.C.S. da
100 1 _aBarbosa, F.H.F.
100 1 _aProietti Junior, A.A.
100 1 _aPalha, S.E.M.
100 1 _aEmin, E.T.
245 1 _aAvaliação microbiológica de pescada branca (Cynoscion spp.)comercializada na feira do pescado, Macapá - AP
650 _aPESCADA BRANCA
650 _aPEIXE MARINHO
650 _aMICROBIOLOGIA
650 _aCONTROLE DE QUALIDADE
773 0 _tHigiene Alimentar (Brazil)
_xISSN 0101-9171
_g(Jul-Aug 2015), v. 29(246-247) p. 108-112
_wBR2015006104
909 _a202311
_bLúcia
_c55
_dLúcia Elande
942 _2AGRIS
_n0
_cANA
999 _c246386
_d246386